Państwa według bogactwa na mieszkańca - Statystyki

Ogólne statystyki
  • Ten quiz został rozwiązany 19 razy
  • Średni wynik to 17 z 20
Statystyki odpowiedzi
$ / dorosłego Państwo % Poprawnych
250 125 Austria
95%
251 337 Irlandia
95%
457 795 Islandia
95%
409 297 Kanada
95%
256 985 Niemcy
95%
334 432 Norwegia
95%
696 604 Szwajcaria
95%
381 968 Szwecja
95%
322 074 Francja
89%
657 564 Luksemburg
89%
579 051 Stany Zjednoczone
89%
309 375 Wielka Brytania
89%
550 110 Australia
84%
381 114 Belgia
84%
426 494 Dania
84%
400 828 Holandia
79%
472 153 Nowa Zelandia
79%
358 204 Singapur
74%
297 864 Tajwan
58%
273 417 Izrael
47%
Nie znaleziono quizów pasujących do podanych kryteriów
Rozkład punktacji
Procent ludzi z każdym wynikiem
Percentyl według liczby udzielonych odpowiedzi
Twoja historia wyników
Nie rozwiązałeś tego quizu